| 000 | 00436nam a22001457a 4500 | ||
|---|---|---|---|
| 999 |
_c534497 _d534497 |
||
| 020 | _qHard Cover. | ||
| 082 | _a620.11 | ||
| 100 | _aMustafa, Haris | ||
| 245 |
_aStudy of Nanocomposites for Ballistic Protection / _cHaris Mustafa. |
||
| 260 |
_aIslamabad: _bSCME - NUST, _c2015. |
||
| 300 |
_a56 p. : _bill. ; _c30cm. |
||
| 942 |
_2ddc _cTHE |
||
| 700 |
_aDr. Arshad Hussain _916435 |
||